000 00913cab a2200181 4500
001 L131055
008 050923n2005 000 0 eng u
035 _a(Sirsi) u131055
041 0 _aeng
100 1 _aSmith, Catriona
245 0 0 _aProperty: commercial
260 _c2005
490 0 _aEMIS Property Service
_v3(9) September 2005, 6-10(5)
520 _aPart two of a series looking at commercial leases. This article deals with tenants' licences and consents. Considers certain specific grounds upon which a landlord might refuse consent to assign or sublet. Looks at grounds for refusal, such as financial considerations, superior landlord's consent, market value issues, including sublettings and side letters. (See also L130838 and L131390)
590 _aIKA270905
690 _aPROPERTY-COMMERCIAL PROPERTY-LEASEHOLD COMMERCIAL PROPERTY-COMMERCIAL LANDLORD AND TENANT-COMMERCIAL LEASES
942 _n0
999 _c75927
_d75927